| 000 | 00538nam a2200169 a 4500 | ||
|---|---|---|---|
| 005 | 20220802154848.0 | ||
| 008 | 991125s1953 mx 000 0 spa u | ||
| 035 | _aUPN01000015247 | ||
| 049 | _aC | ||
| 050 | 4 |
_aPC4625 _bD5.3 |
|
| 245 | 0 | 0 |
_aDiccionario escolar de la lengua española : _bconciso, completo, económico... / _crecopilación Daniel Alcaraz. |
| 260 |
_aMéxico : _bDiana, _c1953. |
||
| 300 |
_a276 p. : _bil. |
||
| 650 | 4 |
_aEnciclopedias y diccionarios infantiles _98587 |
|
| 700 | 1 |
_aAlcaraz, Daniel, _ecomp. |
|
| 905 | _aLibro | ||
| 999 |
_c15247 _d15247 |
||